000 00626cam a22002411 4500
001 sa 67004659
003 DLC
005 20260227112349.0
008 890713s1966 ii 000 0 orio
010 _asa 67004659
035 _a(OCoLC)20005810
040 _aDLC
_cWaU
_dDLC
042 _apremarc
050 0 0 _aPK2579.R6
_bZ76
100 1 _aMahanti, Debendra
245 1 0 _aĀdhunika sāhitya sandarśana.
260 _c[1966]
300 _a180 p.
_c19 cm.
500 _aIn Oriya.
600 1 0 _aRoy, Radhanath,
_d1848-1908.
600 1 0 _aSenapati, Fakir Mohan,
_d1843-1918.
600 1 0 _aDas, Gopabandhu,
_d1877-1928.
999 _c74665
_d74665